[Event "6th ch-Iberoamericano"]
[Site "Bilbao ESP"]
[Date "2015.10.27"]
[Round "3.4"]
[White "Fier, Alexandr"]
[Black "Roselli Mailhe, Bernardo"]
[Result "1-0"]
[WhiteTitle "GM"]
[BlackTitle "IM"]
[WhiteElo "2624"]
[BlackElo "2411"]
[WhiteFideId "2107139"]
[BlackFideId "3000028"]
[EventDate "2015.10.26"]

1. d4 Nf6 2. c4 e6 3. Nc3 Bb4 4. e3 O-O 5. Ne2 d5 6. a3 Be7 7. cxd5 exd5 8. Nf4
c6 9. Bd3 Re8 10. O-O a5 11. f3 Na6 12. Bc2 Nc7 13. e4 b6 14. e5 Nd7 15. Nfe2
Ba6 16. f4 f6 17. Rf3 Nf8 18. Ng3 g6 19. f5 fxe5 20. dxe5 Bc5+ 21. Kh1 Rxe5 22.
Bf4 Bd6 23. Qd2 Ne8 24. Bxe5 Bxe5 25. fxg6 hxg6 26. Re1 Bg7 27. Bb3 Nf6 28. Nge4
Nxe4 29. Rxe4 Bc4 30. Bxc4 dxc4 31. Qe2 b5 32. Re7 Qd6 33. Rf1 Qc5 34. Rff7 Bh8
35. Qf3 Qd4 36. Qxc6 Rd8 37. h3 b4 38. axb4 axb4 39. Ne4 c3 40. bxc3 bxc3 41.
Nf6+ Bxf6 42. Rxf6 Rb8 43. Rxg6+ Kh8 44. Rg4 1-0

[Event "6th ch-Iberoamericano"]
[Site "Bilbao ESP"]
[Date "2015.10.27"]
[Round "3.5"]
[White "Barria Zuniga, Daniel"]
[Black "Bachmann, Axel"]
[Result "1/2-1/2"]
[WhiteTitle "IM"]
[BlackTitle "GM"]
[WhiteElo "2413"]
[BlackElo "2593"]
[WhiteFideId "3400816"]
[BlackFideId "3700488"]
[EventDate "2015.10.26"]

1. d4 Nf6 2. c4 e6 3. Nf3 Bb4+ 4. Nbd2 O-O 5. g3 b6 6. Bg2 Bb7 7. O-O d5 8. a3
Be7 9. b4 a5 10. bxa5 Rxa5 11. Bb2 Nbd7 12. Qc2 Qa8 13. cxd5 Nxd5 14. e4 N5f6
15. Qxc7 Rc8 16. Qf4 Nxe4 17. Nxe4 Bxe4 18. Ng5 Bxg2 19. Qxf7+ Kh8 20. Qxe7 Nf8
21. d5 Ra7 22. Qxg7+ Rxg7 23. Nf7+ Kg8 24. Nh6+ Kh8 25. Nf7+ Kg8 26. Nh6+ Kh8
27. Nf7+ 1/2-1/2

[Event "6th ch-Iberoamericano"]
[Site "Bilbao ESP"]
[Date "2015.10.27"]
[Round "3.6"]
[White "Peralta, Fernando"]
[Black "Martinez Romero, Martin"]
[Result "0-1"]
[WhiteTitle "GM"]
[BlackTitle "IM"]
[WhiteElo "2563"]
[BlackElo "2402"]
[WhiteFideId "105309"]
[BlackFideId "4404025"]
[EventDate "2015.10.26"]

1. d4 Nf6 2. c4 g6 3. Nc3 Bg7 4. e4 d6 5. Nf3 O-O 6. h3 e5 7. d5 a5 8. g4 Na6 9.
Be3 Nd7 10. a3 Nac5 11. Rg1 a4 12. Nd2 Bf6 13. g5 Be7 14. h4 c6 15. Qc2 b6 16.
O-O-O cxd5 17. cxd5 Ba6 18. Bxa6 Rxa6 19. Kb1 Qa8 20. Na2 Ra7 21. Nb4 Rc7 22.
Rc1 Rfc8 23. Qc4 Bf8 24. Qb5 Qb7 25. h5 Ra8 26. hxg6 fxg6 27. Rh1 Nb8 28. f4
exf4 29. Bxf4 Rf7 30. Rhf1 Nbd7 31. Bg3 Rxf1 32. Rxf1 Re8 33. Qe2 Nb8 34. Qf3
Qg7 35. Qf2 Nbd7 36. Qe3 Ne5 37. Bxe5 Qxe5 38. Nc6 Qxd5 39. exd5 Rxe3 40. Nc4
Rg3 41. Nd8 b5 42. Nb6 Rxg5 43. Ne6 Rf5 44. Rc1 Nxe6 45. dxe6 Re5 46. Nd7 Rxe6
47. Rc8 Re1+ 48. Kc2 Rf1 49. Rb8 h5 50. Rxb5 h4 51. Rb4 g5 52. Rf4 gxf4 0-1

[Event "6th ch-Iberoamericano"]
[Site "Bilbao ESP"]
[Date "2015.10.27"]
[Round "3.7"]
[White "Santos Latasa, Jaime"]
[Black "Gonzalez Trigal, Jose Luis"]
[Result "1/2-1/2"]
[WhiteTitle "IM"]
[WhiteElo "2518"]
[BlackElo "2268"]
[WhiteFideId "2293307"]
[BlackFideId "2212420"]
[EventDate "2015.10.26"]

1. e4 c6 2. Nc3 d5 3. Nf3 Bg4 4. h3 Bxf3 5. Qxf3 e6 6. a3 Nf6 7. d3 h6 8. g3
Nbd7 9. Bg2 Be7 10. O-O d4 11. Nb1 e5 12. Qe2 Qc7 13. Nd2 Nc5 14. a4 Ne6 15. Nc4
b5 16. Nd2 Nd7 17. h4 g5 18. h5 Nf6 19. c3 a6 20. Nb3 Nc5 21. Nxc5 Bxc5 22. Bh3
Rd8 23. axb5 axb5 24. Bf5 Ke7 25. Kh1 Rdg8 26. b4 Bb6 27. cxd4 Bxd4 28. Be3 Bxe3
29. Qxe3 Ra8 30. Rac1 Rhd8 31. Qc5+ Qd6 32. Qxc6 Qxc6 33. Rxc6 Ra4 34. Rc7+ Kf8
35. Rfc1 Rxb4 36. Ra7 Ne8 37. Rc5 Ra4 38. Rb7 Nd6 39. Rb6 Rd4 40. Rxe5 Rxd3 41.
Rc5 Rd4 42. Kg2 Kg7 43. Rc7 Kf8 44. Ra6 Nxf5 45. exf5 R4d6 46. Rxd6 Rxd6 47. Rb7
Kg7 48. Rxb5 Ra6 49. Kf3 Kf6 50. Kg4 Ra4+ 51. f4 gxf4 52. Rb6+ Ke5 53. Rb5+ Kf6
54. gxf4 Ra6 55. Rc5 1/2-1/2

[Event "6th ch-Iberoamericano"]
[Site "Bilbao ESP"]
[Date "2015.10.27"]
[Round "3.8"]
[White "Fernandez Borrego, Pablo"]
[Black "Del Rio De Angelis, Salvador G."]
[Result "0-1"]
[WhiteTitle "FM"]
[BlackTitle "GM"]
[WhiteElo "2410"]
[BlackElo "2512"]
[WhiteFideId "2258285"]
[BlackFideId "2203138"]
[EventDate "2015.10.26"]

1. e4 e6 2. d3 d5 3. Nd2 Nf6 4. Ngf3 Be7 5. g3 O-O 6. Bg2 dxe4 7. dxe4 b6 8. e5
Nfd7 9. O-O Bb7 10. Qe2 Nc6 11. Rd1 Qc8 12. Nc4 Rd8 13. Bf4 Nf8 14. h4 Rxd1+ 15.
Rxd1 Qe8 16. h5 h6 17. Nh2 Rd8 18. Re1 Nd4 19. Qg4 Bxg2 20. Kxg2 Qc6+ 21. Kh3
Kh8 22. b3 b5 23. Ne3 Nxc2 24. Rc1 Nxe3 25. Bxe3 Qd7 26. Qf3 Ba3 27. Rc2 Nh7 28.
Rd2 Qe8 29. Rxd8 Qxd8 30. Qxf7 Bc5 31. Qf3 Bxe3 32. Qxe3 Ng5+ 33. Kg2 Qd5+ 34.
f3 c5 35. Nf1 Nf7 36. Nd2 Nxe5 37. Ne4 Nd3 38. Nc3 Qd7 39. Qe4 b4 40. Qa8+ Kh7
41. Qe4+ Kg8 42. Qa8+ Kf7 43. Ne4 Qc7 44. Nd2 Ne5 45. Qe4 Qd6 46. Qf4+ Kg8 47.
Nc4 Nxc4 48. Qxc4 Qd2+ 49. Kh3 Qd5 50. Qa6 Qxh5+ 51. Kg2 Qe5 52. Qxa7 Qe2+ 53.
Kh3 Qxf3 54. Qxc5 Qf5+ 55. Qxf5 exf5 56. Kg2 g5 57. Kf3 h5 58. Ke3 h4 59. gxh4
gxh4 60. Kf3 Kg7 61. Kg2 Kg6 62. Kh3 Kg5 0-1

[Event "6th ch-Iberoamericano"]
[Site "Bilbao ESP"]
[Date "2015.10.27"]
[Round "3.9"]
[White "Martinez Duany, Lelys Stanley"]
[Black "Picado, Jorge"]
[Result "1-0"]
[WhiteTitle "GM"]
[WhiteElo "2470"]
[BlackElo "2215"]
[WhiteFideId "3504727"]
[BlackFideId "6100376"]
[EventDate "2015.10.26"]

1. e4 e6 2. d4 c5 3. d5 exd5 4. exd5 d6 5. Nf3 Bg4 6. Bb5+ Nd7 7. O-O Nf6 8. h3
Bxf3 9. Qxf3 Be7 10. Re1 O-O 11. Bf4 a6 12. Bf1 Re8 13. Nd2 b5 14. a4 bxa4 15.
Nc4 Nb6 16. Ne3 Qd7 17. g4 h6 18. c4 Nh7 19. Nf5 Bf6 20. Rxe8+ Rxe8 21. Nxd6
Bxb2 22. Ra2 a3 23. Nxe8 Qxe8 24. Rxa3 Bxa3 25. Qxa3 Qc8 26. Qa5 Nd7 27. Bd3
Nhf8 28. Bf5 Qb7 29. Qd8 g6 30. Bxd7 Qxd7 31. Qb8 Qe7 32. Bd6 Qe1+ 33. Kg2 Qe4+
34. Kh2 1-0

[Event "6th ch-Iberoamericano"]
[Site "Bilbao ESP"]
[Date "2015.10.27"]
[Round "3.10"]
[White "Arias Garcia, Luis Javier"]
[Black "Pichot, Alan"]
[Result "0-1"]
[BlackTitle "IM"]
[WhiteElo "2147"]
[BlackElo "2523"]
[WhiteFideId "2207370"]
[BlackFideId "110973"]
[EventDate "2015.10.26"]

1. g3 g6 2. Bg2 Bg7 3. c4 e5 4. Nc3 Ne7 5. e3 d6 6. Nge2 h5 7. h4 Nbc6 8. d3 Bg4
9. Rb1 a5 10. a3 Qd7 11. b4 axb4 12. axb4 O-O 13. O-O Bh3 14. b5 Nd8 15. Bb2
Bxg2 16. Kxg2 Ne6 17. Qc2 g5 18. hxg5 Nxg5 19. Rh1 Qf5 20. f4 exf4 21. exf4 Ne6
22. Ne4 Qg6 23. Bxg7 Kxg7 24. Qb2+ f6 25. Kf2 Nf5 26. Rbg1 Nh6 27. Rh4 Nc5 28.
Nxc5 dxc5 29. f5 Ng4+ 30. Kg2 Qxf5 31. Nf4 Rh8 32. Re1 Kf7 33. Nd5 Rae8 34. Rf1
Qe5 35. Qxe5 Rxe5 36. Rf3 Ra8 37. Rh1 Ra2+ 38. Kh3 0-1

[Event "6th ch-Iberoamericano"]
[Site "Bilbao ESP"]
[Date "2015.10.28"]
[Round "4.1"]
[White "Vallejo Pons, Francisco"]
[Black "Fier, Alexandr"]
[Result "1/2-1/2"]
[WhiteTitle "GM"]
[BlackTitle "GM"]
[WhiteElo "2684"]
[BlackElo "2624"]
[WhiteFideId "2205530"]
[BlackFideId "2107139"]
[EventDate "2015.10.26"]

1. e4 c5 2. Nf3 e6 3. Nc3 Nc6 4. d4 cxd4 5. Nxd4 Nf6 6. a3 d6 7. Be3 Be7 8. Be2
O-O 9. Qd2 a6 10. O-O-O Nxd4 11. Qxd4 e5 12. Qd2 b5 13. Bg5 Ne8 14. f4 Bxg5 15.
fxg5 Bb7 16. h4 Rc8 17. Rh3 Qb6 18. Kb1 Rd8 19. Bg4 a5 20. h5 b4 21. Nd5 Bxd5
22. exd5 f5 23. gxf6 Nxf6 24. Be6+ Kh8 25. h6 g6 26. Qe1 Ng8 27. axb4 axb4 28.
Rb3 Rb8 29. c3 Qa6 30. cxb4 Qc4 31. Qc3 Qe4+ 1/2-1/2

[Event "6th ch-Iberoamericano"]
[Site "Bilbao ESP"]
[Date "2015.10.28"]
[Round "4.2"]
[White "Del Rio De Angelis, Salvador G."]
[Black "Granda Zuniga, Julio E"]
[Result "0-1"]
[WhiteTitle "GM"]
[BlackTitle "GM"]
[WhiteElo "2512"]
[BlackElo "2667"]
[WhiteFideId "2203138"]
[BlackFideId "3800024"]
[EventDate "2015.10.26"]

1. d4 Nf6 2. c4 d6 3. Nf3 Nbd7 4. Nc3 e5 5. Bg5 Be7 6. Qc2 c6 7. O-O-O Qc7 8. e3
O-O 9. c5 exd4 10. cxd6 Bxd6 11. Rxd4 Re8 12. Be2 Bc5 13. Rh4 h6 14. Bf4 Qa5 15.
Nd2 Bf8 16. Nc4 Qd8 17. Bg3 b5 18. Nd6 Bxd6 19. Bxd6 Nb6 20. Rd4 Be6 21. Bg3 Qc8
22. Bf3 Bf5 23. Qe2 a5 24. Rhd1 b4 25. Nb1 Qe6 26. Kd2 Qxa2 27. Bxc6 Rac8 28.
Qb5 Bd7 29. Bxd7 Nbxd7 30. Ke1 Nc5 31. Nd2 Qxb2 32. Nc4 Qc3+ 33. Kf1 Ne6 34. Rh4
Rc5 35. Qa6 Qc2 36. Rd2 Qb1+ 37. Ke2 Ne4 38. Rxe4 Qxe4 39. Nd6 Qa8 0-1

[Event "6th ch-Iberoamericano"]
[Site "Bilbao ESP"]
[Date "2015.10.28"]
[Round "4.3"]
[White "Bruzon Batista, Lazaro"]
[Black "Martinez Romero, Martin"]
[Result "1-0"]
[WhiteTitle "GM"]
[BlackTitle "IM"]
[WhiteElo "2659"]
[BlackElo "2402"]
[WhiteFideId "3503739"]
[BlackFideId "4404025"]
[EventDate "2015.10.26"]

1. d4 Nf6 2. c4 g6 3. Nc3 Bg7 4. e4 d6 5. h3 O-O 6. Bg5 c5 7. d5 h6 8. Be3 e6 9.
Bd3 exd5 10. exd5 a6 11. Qd2 Re8 12. Nge2 Kh7 13. a4 b6 14. O-O Ra7 15. f4 Rae7
16. Bf2 Nbd7 17. Rae1 Kh8 18. b3 Qc7 19. Kh1 Nh5 20. g4 Nhf6 21. Ng3 Rxe1 22.
Rxe1 Qd8 23. Kg2 Kg8 24. Rxe8+ Nxe8 25. Nge2 Nf8 26. Qe3 f5 27. gxf5 Bxf5 28.
Bxf5 gxf5 29. Qd3 Qf6 30. Nd1 Ng6 31. Ne3 Qd4 32. Qxd4 cxd4 33. Nxf5 d3 34. Nxg7
Kxg7 35. Nc3 Nxf4+ 36. Kg3 Ng6 37. Bxb6 Kf7 38. Kf3 Ke7 39. Be3 Ne5+ 40. Ke4
Nf6+ 41. Kd4 Nfd7 42. Ne4 h5 43. a5 h4 44. b4 1-0

[Event "6th ch-Iberoamericano"]
[Site "Bilbao ESP"]
[Date "2015.10.28"]
[Round "4.4"]
[White "Bachmann, Axel"]
[Black "Rodriguez Fontecha, Marcos"]
[Result "1-0"]
[WhiteTitle "GM"]
[BlackTitle "FM"]
[WhiteElo "2593"]
[BlackElo "2309"]
[WhiteFideId "3700488"]
[BlackFideId "2256576"]
[EventDate "2015.10.26"]

1. c4 Nf6 2. Nc3 b6 3. d4 Bb7 4. Nf3 e6 5. Bg5 Be7 6. Qc2 d5 7. cxd5 exd5 8. e3
O-O 9. Bd3 Nbd7 10. O-O h6 11. Bf4 a6 12. Rfd1 c5 13. dxc5 bxc5 14. Bf5 Ra7 15.
Ne5 Nb6 16. a4 Bd6 17. a5 Nc8 18. Bxc8 Qxc8 19. Ng6 fxg6 20. Bxd6 Rf7 21. Qxg6
Qc6 22. Be5 Ra8 23. Rac1 Re8 24. f4 Re6 25. Qg3 Nd7 26. Nxd5 Nxe5 27. fxe5 Rf5
28. e4 Rfxe5 29. Nf6+ Kf7 30. Rd7+ 1-0

[Event "6th ch-Iberoamericano"]
[Site "Bilbao ESP"]
[Date "2015.10.28"]
[Round "4.5"]
[White "Pichot, Alan"]
[Black "Barria Zuniga, Daniel"]
[Result "1-0"]
[WhiteTitle "IM"]
[BlackTitle "IM"]
[WhiteElo "2523"]
[BlackElo "2413"]
[WhiteFideId "110973"]
[BlackFideId "3400816"]
[EventDate "2015.10.26"]

1. e4 e5 2. Nf3 Nc6 3. Bb5 Nf6 4. d3 Ne7 5. O-O c6 6. Bc4 Ng6 7. Re1 Be7 8. Nbd2
O-O 9. Bb3 d6 10. Nf1 Be6 11. Ng3 Bxb3 12. axb3 Re8 13. d4 exd4 14. Qxd4 a6 15.
Bd2 Bf8 16. Ba5 Qc8 17. Bc3 d5 18. e5 Nd7 19. h4 Nc5 20. h5 Ne6 21. Qg4 Ne7 22.
h6 g6 23. Nh5 Bxh6 24. Nf6+ Kg7 25. g3 Rd8 26. Kg2 d4 27. Rh1 Nf5 28. Bd2 Nf8
29. Rxh6 Nxh6 30. Bxh6+ Kxh6 31. Qg5+ Kg7 32. Rh1 1-0

[Event "6th ch-Iberoamericano"]
[Site "Bilbao ESP"]
[Date "2015.10.28"]
[Round "4.6"]
[White "Villalta Bustillo, Igor"]
[Black "Santos Latasa, Jaime"]
[Result "0-1"]
[BlackTitle "IM"]
[WhiteElo "2241"]
[BlackElo "2518"]
[WhiteFideId "2276291"]
[BlackFideId "2293307"]
[EventDate "2015.10.26"]

1. d4 c5 2. e3 Nf6 3. Nf3 g6 4. Be2 Bg7 5. O-O O-O 6. a3 cxd4 7. exd4 d5 8. c3
Nc6 9. Bf4 Qb6 10. Qc1 Bf5 11. Nh4 Bd7 12. Bd3 Rac8 13. Qd2 Ne4 14. Qe2 e5 15.
dxe5 Nxe5 16. Bxe5 Bxe5 17. Nf3 Bg7 18. a4 Rfe8 19. a5 Qf6 20. Qd1 Bg4 21. h3
Bxf3 22. Qxf3 Qxf3 23. gxf3 Ng5 24. Kg2 Ne6 25. Bb5 Red8 26. a6 Rc5 27. Na3 bxa6
28. Bxa6 d4 29. Rfd1 Rg5+ 30. Kf1 Nf4 31. cxd4 Nxh3 32. Nc2 Re8 33. Ne3 Bxd4 34.
f4 Rg1+ 35. Ke2 Bxe3 36. fxe3 Rg2+ 37. Kd3 Nf2+ 38. Kd4 0-1

[Event "6th ch-Iberoamericano"]
[Site "Bilbao ESP"]
[Date "2015.10.28"]
[Round "4.7"]
[White "Gonzalez Trigal, Jose Luis"]
[Black "Martinez Duany, Lelys Stanley"]
[Result "0-1"]
[BlackTitle "GM"]
[WhiteElo "2268"]
[BlackElo "2470"]
[WhiteFideId "2212420"]
[BlackFideId "3504727"]
[EventDate "2015.10.26"]

1. d4 Nf6 2. c4 c5 3. d5 b5 4. Nf3 g6 5. Nbd2 bxc4 6. e4 Bg7 7. Bxc4 d6 8. h3
O-O 9. O-O Nfd7 10. Re1 Nb6 11. Bf1 Ba6 12. Bxa6 Nxa6 13. Qe2 Nc7 14. Nc4 Nxc4
15. Qxc4 Qd7 16. Rb1 Rab8 17. b3 Qb5 18. Bg5 Rfe8 19. Bf4 Qd7 20. Rbd1 a5 21. e5
f6 22. e6 Qb5 23. Rb1 a4 24. Red1 axb3 25. axb3 Rb6 26. Nd2 f5 27. h4 Reb8 28.
h5 Qxc4 29. bxc4 Rxb1 30. Rxb1 Rxb1+ 31. Nxb1 Na8 32. Bd2 Nb6 33. Na3 Bb2 34.
Ba5 Nxd5 35. cxd5 Bxa3 36. hxg6 hxg6 37. Kf1 Bb2 38. Ke2 Kg7 39. Kd3 g5 40. f3
g4 41. fxg4 fxg4 42. Ke4 Kg6 43. Bd2 c4 44. Bf4 Bf6 45. Be3 c3 46. Kd3 Kf5 47.
Bg1 c2 0-1

[Event "6th ch-Iberoamericano"]
[Site "Bilbao ESP"]
[Date "2015.10.28"]
[Round "4.8"]
[White "Medarde Santiago, Luis Marcos"]
[Black "Peralta, Fernando"]
[Result "0-1"]
[BlackTitle "GM"]
[WhiteElo "2324"]
[BlackElo "2563"]
[WhiteFideId "2263076"]
[BlackFideId "105309"]
[EventDate "2015.10.26"]

1. e4 e6 2. d4 d5 3. Nc3 Nf6 4. Bg5 dxe4 5. Nxe4 Be7 6. Bxf6 gxf6 7. Qd3 Nc6 8.
O-O-O Nb4 9. Qb3 Qd5 10. Qxd5 Nxd5 11. Nf3 c6 12. g3 b6 13. Bg2 Bb7 14. Rhe1
O-O-O 15. Kb1 Rhg8 16. c4 Nc7 17. Nc3 Rd7 18. Re4 c5 19. d5 b5 20. Rh4 bxc4 21.
dxe6 Rxd1+ 22. Nxd1 fxe6 23. Rxh7 Be4+ 0-1

[Event "6th ch-Iberoamericano"]
[Site "Bilbao ESP"]
[Date "2015.10.28"]
[Round "4.9"]
[White "Blanco Acevedo, Cristobal Jose"]
[Black "De La Riva Aguado, Oscar"]
[Result "0-1"]
[WhiteTitle "IM"]
[BlackTitle "GM"]
[WhiteElo "2306"]
[BlackElo "2497"]
[WhiteFideId "3900525"]
[BlackFideId "6900224"]
[EventDate "2015.10.26"]

1. e4 c5 2. Nf3 Nc6 3. d4 cxd4 4. Nxd4 Nf6 5. Nc3 d6 6. Be2 g6 7. f4 Bg7 8. Nb3
Qb6 9. g4 h5 10. gxh5 Nxh5 11. Bf3 Be6 12. Qd3 Nb4 13. Qe2 Rc8 14. Kd1 Bc4 15.
Qe1 Qa6 16. Rb1 Nxa2 17. Nxa2 Bxb3 18. Nb4 Bxc2+ 19. Kd2 Qc4 20. Nxc2 Qxc2+ 21.
Ke3 Qxb1 22. Be2 Nxf4 23. Bb5+ Kf8 24. Kf2 0-1

[Event "6th ch-Iberoamericano"]
[Site "Bilbao ESP"]
[Date "2015.10.28"]
[Round "4.10"]
[White "Burgos Figueroa, Carlos E."]
[Black "Gonzalez Acosta, Bernal"]
[Result "0-1"]
[WhiteTitle "IM"]
[BlackTitle "GM"]
[WhiteElo "2253"]
[BlackElo "2497"]
[WhiteFideId "6700187"]
[BlackFideId "6500170"]
[EventDate "2015.10.26"]

1. e4 c6 2. d4 d5 3. exd5 cxd5 4. Bd3 Nc6 5. c3 Qc7 6. f4 Nh6 7. Nf3 Bf5 8. O-O
e6 9. Ne5 Bd6 10. Qe2 O-O 11. g4 Bxd3 12. Nxd3 Rae8 13. Nd2 f6 14. Qg2 Qf7 15.
h3 Kh8 16. Nf3 Qg6 17. f5 Qf7 18. Bxh6 gxh6 19. fxe6 Rxe6 20. Nh4 h5 21. Kh1
hxg4 22. Qxg4 Re4 23. Nf4 Rg8 24. Qf5 Ne7 25. Qd7 Bxf4 26. Rae1 Qh5 27. Ra1 0-1

[Event "6th ch-Iberoamericano"]
[Site "Bilbao ESP"]
[Date "2015.10.30"]
[Round "5.1"]
[White "Granda Zuniga, Julio E"]
[Black "Bruzon Batista, Lazaro"]
[Result "1/2-1/2"]
[WhiteTitle "GM"]
[BlackTitle "GM"]
[WhiteElo "2667"]
[BlackElo "2659"]
[WhiteFideId "3800024"]
[BlackFideId "3503739"]
[EventDate "2015.10.26"]

1. d4 Nf6 2. Nf3 d5 3. g3 e6 4. Bg2 Be7 5. O-O O-O 6. b3 c5 7. dxc5 Nc6 8. Ba3
Ne4 9. Qc1 Bxc5 10. Bxc5 Nxc5 11. Rd1 Qf6 12. Na3 Ne4 13. c4 Nc3 14. Re1 Bd7 15.
Qb2 Rfd8 16. Rac1 Ne4 17. Qxf6 Nxf6 18. cxd5 Nxd5 19. Nc4 Be8 20. Red1 Kf8 21.
a3 Ke7 22. b4 Rac8 23. Kf1 Nb8 24. Nfe5 Ba4 25. Re1 f6 26. Nd3 Bb5 27. Bxd5 exd5
28. Ncb2 Nd7 29. Red1 Rxc1 30. Rxc1 Kd6 31. Ke1 b6 32. h4 Ne5 33. Nf4 Re8 34. a4
Bc6 35. Kd2 g6 36. f3 Bd7 37. Nfd3 Nc6 1/2-1/2

[Event "6th ch-Iberoamericano"]
[Site "Bilbao ESP"]
[Date "2015.10.30"]
[Round "5.2"]
[White "Santos Latasa, Jaime"]
[Black "Vallejo Pons, Francisco"]
[Result "1-0"]
[WhiteTitle "IM"]
[BlackTitle "GM"]
[WhiteElo "2518"]
[BlackElo "2684"]
[WhiteFideId "2293307"]
[BlackFideId "2205530"]
[EventDate "2015.10.26"]

1. d4 Nf6 2. c4 e6 3. g3 c5 4. d5 exd5 5. cxd5 d6 6. Nc3 g6 7. Bg2 Bg7 8. Nf3
O-O 9. O-O Re8 10. Bf4 Na6 11. Re1 Ne4 12. Nxe4 Rxe4 13. Nd2 Rxf4 14. gxf4 Bxb2
15. Rb1 Bg7 16. e4 Qh4 17. e5 Nb4 18. Nf3 Qxf4 19. e6 b5 20. Qe2 Bc3 21. Rec1
Bf6 22. Qxb5 Kg7 23. Re1 Bc3 24. e7 Bg4 25. e8=Q Rxe8 26. Qxe8 Bxf3 27. Qe3 Qxe3
28. Rxe3 Bxg2 29. Kxg2 Nxd5 30. Re8 a5 31. Rb7 g5 32. Rd8 Be5 33. Ra8 Bc3 34.
Raa7 Kg6 35. Rxf7 c4 36. Rfd7 Nf4+ 37. Kf3 d5 38. h4 h6 39. Ra6+ Kf5 40. Rf7+
Ke5 41. Rxh6 g4+ 42. Kxg4 Nd3 43. Rf5+ Kd4 44. Rhh5 Ke4 45. f3+ Ke3 46. Rxd5 Bb4
47. Rh8 c3 48. Rc8 Kd2 49. Kf5 Kc2 50. h5 1-0

[Event "6th ch-Iberoamericano"]
[Site "Bilbao ESP"]
[Date "2015.10.30"]
[Round "5.3"]
[White "Fier, Alexandr"]
[Black "Pichot, Alan"]
[Result "1/2-1/2"]
[WhiteTitle "GM"]
[BlackTitle "IM"]
[WhiteElo "2624"]
[BlackElo "2523"]
[WhiteFideId "2107139"]
[BlackFideId "110973"]
[EventDate "2015.10.26"]

1. e4 c5 2. Nf3 e6 3. d4 cxd4 4. Nxd4 a6 5. Be2 Nf6 6. Nc3 Qc7 7. O-O Be7 8. f4
d6 9. Qe1 Nc6 10. Be3 O-O 11. Kh1 Nxd4 12. Bxd4 b5 13. a3 Bb7 14. Qg3 Rad8 15.
Rae1 Rd7 16. Bd3 Re8 17. a4 bxa4 18. Nxa4 g6 19. Nc3 Qd8 20. Qh3 Bf8 21. Bc4 Bg7
22. Bb3 Qa8 23. Bxf6 Bxf6 24. Nd5 Bd8 25. f5 exf5 26. exf5 Rxe1 27. Rxe1 Bxd5
28. fxg6 Bxg2+ 29. Qxg2 Qxg2+ 30. Kxg2 d5 31. gxh7+ Kxh7 32. Re5 Bf6 33. Rxd5
Rxd5 34. Bxd5 Bxb2 35. Bxf7 Kg7 1/2-1/2

[Event "6th ch-Iberoamericano"]
[Site "Bilbao ESP"]
[Date "2015.10.30"]
[Round "5.4"]
[White "Martinez Duany, Lelys Stanley"]
[Black "Bachmann, Axel"]
[Result "1/2-1/2"]
[WhiteTitle "GM"]
[BlackTitle "GM"]
[WhiteElo "2470"]
[BlackElo "2593"]
[WhiteFideId "3504727"]
[BlackFideId "3700488"]
[EventDate "2015.10.26"]

1. e4 c5 2. Nf3 e6 3. Nc3 a6 4. d4 cxd4 5. Nxd4 b5 6. Bd3 Qb6 7. Be3 Bc5 8. Be2
Nc6 9. Nxc6 dxc6 10. Bxc5 Qxc5 11. Qd3 Nf6 12. O-O-O O-O 13. f4 e5 14. f5 Ra7
15. g4 Rd7 16. Qf3 Rfd8 17. g5 Ne8 18. Rxd7 Rxd7 19. h4 Qd4 20. a3 a5 21. Rd1
Qc5 22. Rxd7 Bxd7 23. Nd1 Nd6 24. Nf2 f6 25. Bd3 Kf8 26. Qg3 Nf7 27. Kb1 Qd6 28.
a4 Qb4 29. c3 Qc5 30. Bc2 bxa4 31. Bxa4 Qc4 32. Bc2 Nd6 33. Qe3 Ke7 34. Bd3 Qb3
35. Qc5 a4 36. Kc1 Be8 37. Ng4 Bh5 38. Ne3 Kd7 39. Qa7+ Qb7 40. Qc5 Qb3 41. Bc2
Qb5 42. Qa7+ Qb7 43. Qxb7+ Nxb7 44. gxf6 gxf6 45. Nc4 Nc5 46. Nb6+ Kd6 47. Nxa4
Nxa4 48. Bxa4 Bf7 49. Kc2 Kc7 50. Bb3 Bh5 51. Bg8 h6 52. Bc4 Kb6 53. Bd3 Bf3 54.
Kb3 Bg2 55. Kc4 Bf3 56. b4 Bh5 57. Kb3 Bf7+ 58. Ka4 Bh5 59. b5 Bd1+ 60. Kb4 cxb5
61. Bb1 Be2 62. Ba2 Bd3 63. Bd5 h5 64. Ba8 Bc4 65. Ka3 Bg8 66. Kb2 Kc5 67. Kc2
Kb6 68. Kd3 Bb3 69. Ke3 Bc4 70. Kd2 Bb3 71. Kd3 Kc5 72. Bb7 Ba2 73. Ke3 Bb3 74.
Kd3 1/2-1/2

[Event "6th ch-Iberoamericano"]
[Site "Bilbao ESP"]
[Date "2015.10.30"]
[Round "5.5"]
[White "Peralta, Fernando"]
[Black "Astasio Lopez, David"]
[Result "1-0"]
[WhiteTitle "GM"]
[BlackTitle "FM"]
[WhiteElo "2563"]
[BlackElo "2424"]
[WhiteFideId "105309"]
[BlackFideId "2230208"]
[EventDate "2015.10.26"]

1. d4 d5 2. c4 c6 3. Nc3 Nf6 4. e3 e6 5. Nf3 Nbd7 6. Bd3 Bd6 7. e4 dxe4 8. Nxe4
Nxe4 9. Bxe4 e5 10. O-O exd4 11. Bc2 O-O 12. Qxd4 Qf6 13. Qd3 Qg6 14. Qd1 f5 15.
Nh4 Qf6 16. Nxf5 Bc5 17. Be3 Qxb2 18. Bxc5 Nxc5 19. Ne7+ Kf7 20. Nxc8 Raxc8 21.
Qh5+ g6 22. Qxh7+ Qg7 23. Bxg6+ Kf6 24. Qh5 Ne6 25. Rae1 Nd4 26. f4 Qxg6 27.
Qe5+ Kf7 28. Qxd4 Rcd8 29. Qxa7 Rd2 30. Rf2 Rfd8 31. Rxd2 Rxd2 32. Qxb7+ Kg8 33.
Ra1 1-0

[Event "6th ch-Iberoamericano"]
[Site "Bilbao ESP"]
[Date "2015.10.30"]
[Round "5.6"]
[White "Martinez Romero, Martin"]
[Black "Del Rio De Angelis, Salvador G."]
[Result "1/2-1/2"]
[WhiteTitle "IM"]
[BlackTitle "GM"]
[WhiteElo "2402"]
[BlackElo "2512"]
[WhiteFideId "4404025"]
[BlackFideId "2203138"]
[EventDate "2015.10.26"]

1. e4 c5 2. Nf3 e6 3. d4 cxd4 4. Nxd4 Nf6 5. Nc3 d6 6. Bc4 Be7 7. Bb3 O-O 8. f4
Na6 9. f5 Nc5 10. Qf3 e5 11. Nde2 b5 12. Bd5 Nxd5 13. Nxd5 Bb7 14. O-O Bxd5 15.
exd5 Rc8 16. Ng3 Kh8 17. Kh1 Bg5 18. Bxg5 Qxg5 19. b4 Nd7 20. a4 bxa4 21. Rxa4
Nf6 22. Ne4 Qh4 23. Nxf6 gxf6 24. Rxa7 Rxc2 25. b5 Rg8 26. Rg1 e4 27. Qe3 Qg4
28. Qd4 Qxf5 29. Rxf7 Qe5 30. Qa7 Qf5 31. Qd4 Qe5 32. Qa7 Qf5 33. Qa1 Qe5 34.
Qf1 Rc4 35. Qd1 1/2-1/2